00606nam a2200217 a 4500003000800000005001700008008004100025035001400066040003200080041000800112082002800120100003700148245004000185260004500225300002000270350000900290650003300299650002700332942001200359999001700371BD-RjUL20250312124638.0250312s1967 enk 000 0 eng  a(BD-RjUL) aDLCcDLCdDLCdBD-RjULbeng aeng00223a799.27756bANT 19671 aAnderson, Kenneth,d1910-91518114aThe tiger roars /cKenneth Anderson aNew York :bWeybright and Talley,cc1967 a219 p.;c22 cm. a5.95 0aTiger huntingzIndia.915182 0aZoologyzIndia.915183 2ddccBK c84774d84774